| 000 | 00362cam a22001217a 4500 | ||
|---|---|---|---|
| 008 | 180718b1965 xxu||||| |||| 00| 0 eng d | ||
| 082 | _aB71x421 J139 | ||
| 100 | _aJackson, W. Eric | ||
| 245 |
_aAchievement: a short history of London County Council _cby W. Eric Jackson |
||
| 260 |
_aLondon _bLongmans _c1965 |
||
| 300 | _a304p. | ||
| 650 | _aLondon. County Council. | ||
| 999 |
_c371515 _d371515 |
||